Bezpečnosť softvérovo definovaných sietí

Guardado en:
Detalles Bibliográficos
Autor principal: Žilla, Adam (Autor)
Otros Autores: Helebrandt, Pavol (Orientador)
Formato: Manuscrito Libro
Lenguaje:eslovaco
inglés
Publicado: 2020
Materias:
Acceso en línea:http://is.stuba.sk/zp/portal_zp.pl?podrobnosti=142176
Etiquetas: Agregar Etiqueta
Sin Etiquetas, Sea el primero en etiquetar este registro!

MARC

LEADER 00000ntm a22000003a 4500
001 stuzp80493
003 SK-STU
005 20200620211552.9
007 ta
008 150427s2015----xo-----f-mn---000-0-slo-d
040 |a STU  |b slo 
041 0 |a eng 
100 1 |a Žilla, Adam  |u 070400  |4 aut  |U FIIT Fakulta informatiky a informačných technológií  |T FIIT Ústav počítačového inžinierstva a aplikovanej informatiky  |X 92177  |U I400  |Y 672  |7 92177 
242 0 1 |a Bezpečnosť softvérovo definovaných sietí  |y slo 
245 1 0 |a Bezpečnosť softvérovo definovaných sietí 
260 |c 2020 
650 4 |a OpenFlow  |2 slo 
650 4 |a SDN  |2 slo 
650 4 |a Ryu  |2 slo 
650 4 |a Mininet  |2 slo 
650 4 |a SDN  |2 eng 
650 4 |a Ryu  |2 eng 
650 4 |a Mininet  |2 eng 
650 4 |a OpenFlow  |2 eng 
700 1 |a Helebrandt, Pavol  |u 070400  |k Z1  |4 ths  |U FIIT Fakulta informatiky a informačných technológií  |T FIIT Ústav počítačového inžinierstva a aplikovanej informatiky  |X 35267  |U I400  |Y 672  |7 35267 
856 4 |u http://is.stuba.sk/zp/portal_zp.pl?podrobnosti=142176